|
|
|
|
| LEADER |
00879nab a2200253 i 4500 |
| 001 |
misc61894 |
| 005 |
20221027135022.0 |
| 008 |
220804s1956 hu o 0|| eng d |
| 040 |
|
|
|a SZTE Miscellanea Repozitórium
|b hun
|
| 041 |
|
|
|a eng
|
| 041 |
|
|
|a per
|
| 100 |
1 |
|
|a Minorsky Vladimir
|
| 245 |
1 |
0 |
|a Pūr-i Bahā's `Mongol' ode
|h [elektronikus dokumentum] /
|c Minorsky Vladimir
|
| 260 |
|
|
|c 1956
|
| 300 |
|
|
|a 261-278
|c 25 cm
|
| 300 |
|
|
|a [18] p.
|c 25 cm
|
| 490 |
0 |
|
|a Bulletin of the School of Oriental Studies;Bulletin of the School of Oriental and African Studies
|
| 561 |
|
|
|a Németh Gyula hagyaték
|
| 591 |
|
|
|a LOA 2448; NOA 3753
|
| 650 |
|
4 |
|a Bölcsészettudományok
|
| 650 |
|
4 |
|a Nyelvek és irodalom
|
| 695 |
|
|
|a Perzsa irodalom - költészet - 13. sz.
|
| 700 |
0 |
2 |
|a Pūr-i Bahā
|
| 856 |
4 |
0 |
|u http://misc.bibl.u-szeged.hu/61894/1/3753_noa_m69.pdf
|z Dokumentum-elérés
|